| 000 | 00807nam a2200265 i 4500 | ||
|---|---|---|---|
| 001 | bg | ||
| 100 | 1 |
_aKubów, Adam _d(1951- ). |
|
| 245 | 1 | 0 |
_aSocjologia : _bzarys problematyki i podstawowe pojęcia / _cAdam Kubów. |
| 260 |
_aPoznań : _bWydawnictwo Forum Naukowe : _bPassat - Paweł Pietrzyk, _c2006. |
||
| 300 |
_a201 s. ; _c21 cm. |
||
| 504 | _aBibliogr. s. 199-201. | ||
| 521 | 8 | _aDla studentów uczelni wyższych. | |
| 650 | 9 | _aSocjologia | |
| 655 | _aPodręczniki akademickie | ||
| 015 | _aPB 5727/2007 | ||
| 020 | _a8388544195 | ||
| 040 | _cBPK | ||
| 041 | _apol | ||
| 044 | _aPOL | ||
| 080 | _a316(075.8) | ||
| 920 | _a83-88544-19-5 (WFN) | ||
| 942 | _cKS | ||
| 008 | 070206s2006 pl f |000 0 pol | ||
| 999 |
_c55300 _d55300 |
||
| 856 |
_uhttp://koha.tu.koszalin.pl/cgi-bin/koha/opac-detail.pl?biblionumber=55300 _yKatalog online BPK |
||